Estadísticas para 15 principales países afectados por Covid19 - 1 de junio

Haz click aquí para intentar la prueba.

Estadísticas generales

  • Esta prueba ha sido intentada 5 veces
  • La puntuación promedio es 17 de 25

Estadísticas de respuestas

país% Correcto
Alemania
100%
Brasil
100%
Canadá
100%
España
100%
Estados Unidos
100%
Francia
100%
México
100%
Reino Unido
100%
Rusia
100%
India
80%
Italia
80%
Bélgica
60%
Chile
60%
Chile
60%
Perú
60%
Suiza
60%
Turquía
60%
Baréin
40%
Catar
40%
Irán
40%
Irlanda
40%
Singapur
40%
Suecia
40%
Bielorrusia
20%
Kuwait
20%

Distribución de puntuación

Porcentaje por número respondido

Porcentaje de gente con cada puntuación

Historial de tus puntuaciones

No has intentado esta prueba.